| 000 | 00468nam a2200181Ia 4500 | ||
|---|---|---|---|
| 005 | 20240823012802.0 | ||
| 008 | 240823s9999||||xx |||||||||||||| ||und|| | ||
| 041 | _aENGLISH | ||
| 082 | _A519.5 N0 | ||
| 100 | _a"Mason,Robert and Lind,Douglas A" | ||
| 245 | 0 | _aStatistical Techniques in Business and Economics | |
| 250 | _a7th | ||
| 260 | _b"IRWIN,B" | ||
| 500 | _aYES | ||
| 650 |
_aEconomics _bManagement Studies |
||
| 700 | _a" Lind,Douglas A" | ||
| 942 | _cBK | ||
| 999 |
_c165396 _d165396 |
||